Proceedings - Northeastern Forest Tree Improvement Conference.

Saved in:
Bibliographic Details
Corporate Author: Northeastern Forest Tree Improvement Conference
Format: Government Document Conference Proceeding
Language:English
Published: [s.l. : s.n.].
Subjects:
LEADER 01490cas a2200409 a 4500
001 c000263562
003 CARM
005 20070627122910.0
008 770311c19539999xxuar f1 a0eng d
010 |a 57058582 
019 1 |a 892434  |5 LACONCORD2021 
022 |a 0549-8929 
035 |a (OCoLC)1587585  |5 LACONCORD2021 
040 |a LC  |b eng  |c LC  |d LC 
042 |a nsdp  |a lc 
043 |a n-use-- 
050 0 0 |a SD118  |b .N86 
070 |a 99.9  |b N8123 
074 |a 79-A 
082 0 4 |a 634.9 
086 0 |a A 13.42/2:T71 
111 2 |a Northeastern Forest Tree Improvement Conference. 
222 0 |a Proceedings - Northeastern Forest Tree Improvement Conference 
245 0 0 |a Proceedings - Northeastern Forest Tree Improvement Conference. 
246 3 3 |a Proceedings of the Northeastern Forest Tree Improvement Conference 
260 |a [s.l. :  |b s.n.]. 
300 |a v. :  |b ill. ;  |c 28 cm. 
362 0 |a 1st (1953)- 
510 0 |a Bibliography of agriculture,  |x 0006-1530,  |b -1985 
650 0 |a Trees  |x Breeding  |v Congresses. 
650 0 |a Forest genetics  |v Congresses. 
650 0 |a Forests and forestry  |z Northeastern States  |v Congresses. 
852 8 |b CARM  |h A1:AO02C0  |i F02239  |p 0377198  |f SE 
866 0 |a 2(1954)-23(1976) Inc. 
866 0 |a 2(1954)-23(1976) Inc. 
999 f f |i 0aa784d1-da26-571a-bc16-a812b4436944  |s 25457b7b-cc41-50da-aa53-a87a1d4ad656 
952 f f |p Can circulate  |a CAVAL  |b CAVAL  |c CAVAL  |d CARM 1 Store  |e F02239  |f A1:AO02C0  |h Other scheme  |i book  |k 2(1954)-11(1964); 15(1968)-23(1976)  |m 0377198